| 000 | 00378pab a2200157 454500 | ||
|---|---|---|---|
| 008 | 180718b1999 xxu||||| |||| 00| 0 eng d | ||
| 100 | _aGandhe, S.K. | ||
| 245 | _aAccess and equity - need of the disadvantaged | ||
| 260 | _c1999 | ||
| 300 | _ap.3-5 | ||
| 362 | _a18 Jan | ||
| 650 | _aEducation - India | ||
| 650 | _aEducation | ||
| 773 | _aUniversity News | ||
| 909 | _a39902 | ||
| 999 |
_c39902 _d39902 |
||